|
|
|
|
| LEADER |
00000cam a2200000 i 4500 |
| 001 |
1/47258 |
| 008 |
140514s1983 gre d |
| 035 |
|
|
|l 10117624
|
| 040 |
|
|
|a GR-MY-UA
|b gre
|e aacr
|
| 041 |
0 |
|
|a gre
|
| 082 |
0 |
|
|a 938.764
|2 (23)
|
| 100 |
1 |
|
|a Δουατζής, Γιάννης Κ.
|
| 245 |
1 |
0 |
|a Εθνική αντίσταση :
|b ημερολόγιο καπετάν Όθρυ, μαρτυρίες αγωνιστών /
|c Γιάννη Κ. Δουατζή
|
| 260 |
|
|
|a Αθήνα :
|b Αιχμή,
|c 1983
|
| 300 |
|
|
|a 2 τ.
|e 22 εκ.
|
| 650 |
0 |
0 |
|a World War, 1939-1945
|z Greece
|x Personal narratives.
|
| 650 |
0 |
0 |
|a World War, 1939-1945
|x Underground movements
|z Greece
|x Personal narratives.
|
| 852 |
|
|
|a INST
|b LESVOS
|e 20140514
|h 938.764 ΔΟΥ
|p 005100054178
|q 005100054178
|t BK
|y 0
|z τ.Α
|
| 852 |
|
|
|a INST
|b LESVOS
|e 20140514
|h 938.764 ΔΟΥ
|p 005100054179
|q 005100054179
|t BK
|y 0
|z τ.Β
|
| 852 |
|
|
|a INST
|b LESVOS
|e 20140514
|h 938.764 ΔΟΥ
|p 005100054178
|q 005100054178
|t BK
|v τ.Α:
|y 0
|z τ.Α
|
| 852 |
|
|
|a INST
|b LESVOS
|e 20140514
|h 938.764 ΔΟΥ
|p 005100054179
|q 005100054179
|t BK
|v τ.Β:
|y 0
|z τ.Β
|
| 853 |
|
|
|a INST
|b LESVOS
|h 938.764 ΔΟΥ
|
| 901 |
|
|
|a BIBL1-2014-2
|
| 909 |
|
|
|a Λ
|b 188967
|
| 909 |
|
|
|a Λ
|b 188966
|
| 970 |
|
|
|a ΤΖΑΦΕΡΗ
|b ΕΥΑΓΓΕΛΙΑ
|z 2014/05/14
|